Plus grandes villes du canton de Vaud - Statistiques

Statistiques générales
  • Ce quiz a été pris 31 fois
  • Le résultat moyen est 14 sur 23
Réponses sur la Carte
Les réponses sont colorées sur une échelle allant du rouge au vert en fonction du pourcentage des utilisateurs qui les ont devinées à leur premier essai. Vous pouvez retrouver ces pourcentages ci-dessous.
 
Statistiques - réponses
Réponse % Correct
Lausanne
100%
Montreux
96%
Yverdon
92%
Nyon
85%
Vevey
85%
Aigle
77%
Morges
77%
Gland
73%
Renens
69%
Pully
65%
Payerne
62%
Lutry
58%
La Tour-de-Peilz
54%
Crissier
50%
Prilly
50%
Villeneuve
50%
Bex
46%
Bussigny
42%
Ecublens
42%
Le Mont-sur-Lausanne
42%
Epalinges
35%
Blonay-Saint-Légier
27%
Saint-Sulpice
27%
Aucun quiz correspondant
Distribution des résultats
% des personnes avec chaque résultat
Percentile par nombre de réponses
Votre historique - résultats
Vous n’avez pas pris ce quiz